000 00217nam a2200097Ia 4500
005 20251222114347.0
008 251222s1900||||xx |||||||||||||| ||spa||
082 _aDVD0070/K53/T.11D
245 0 _aDocumental:
942 _cDVD
999 _c1067
_d1067